000 01084cam a22003377a 4500
003 CHAP
005 20220329133754.0
008 971013s1980 r 00010 d
010 _a10674
011 _a11646
035 _a10885
040 _cCHAP
090 _aFolleto 7843
100 0 0 _aCabrera Parra, José.
_916691
245 1 3 _aEl maíz
260 _aMéxico :
_bEnsayos,
_c1980
300 _as.p.
490 0 _aCuadernos de literatura e investigación política
_v; 15
590 _aBATCH-UPD
_b10
_c20130110
_lUCH01
_h0044
590 _aBATCH-UPD
_b10
_c20130110
_lUCH01
_h1721
590 _aBATCH-UPD
_b10
_c20130409
_lUCH01
_h2030
590 _aBATCH-UPD
_b10
_c20130410
_lUCH01
_h1104
590 _aBATCH-UPD
_b10
_c20130914
_lUCH01
_h0801
590 _aCONVERSION
_b10
_c20130109
_lUCH01
_h1307
650 1 4 _aMaíz
_xHistoria.
_970972
830 0 _aCuadernos de literatura e investigación política
_v; 15
_929811
901 _aBK
942 _cFOLL
949 _aFolleto 7843
_bBC
_cFOLL
_d-22860
_eTS1
_i10885
_si
949 _aFolleto 7843
_bBC
_cFOLL
_d-22861
_eTS2
_fc.2
_i10885
_si
999 _c10674
_d10674